000 00594nam a2200229Ia 4500
003 OSt
005 20220928130944.0
006 a|||||r|||| 00| 0
007 ta
008 220927b |||||||| |||| 00| 0 eng d
024 _a60630
037 _cTextual
040 _aSDCL
_cSDCL
_beng
041 _2eng
_aeng
082 _aD6,8(B),2771, P0
100 _aBox Don
_9476718
245 0 _aEssential COM.
260 _aMassachusetts
_bPearson Education
_c2000
300 _axxiii,440p.
_ccm.
942 _hD6,8(B),2771, P0
_cTEXL
_2CC
999 _c789189
_d789189